Statistics for College Football: All Division I Teams (Abbreviations)

Click here to take the quiz!

General Stats

  • This quiz has been taken 94 times
    (72 since last reset)
  • The average score is 160 of 248

Answer Stats

AbbreviationSchool% Correct
ALAAlabama
94%
ARKArkansas
94%
AUBAuburn
94%
ARIZArizona
91%
HOUHouston
91%
ASUArizona State
88%
BAYBaylor
88%
CALCalifornia
88%
ILLIllinois
88%
OREOregon
88%
PSUPenn State
88%
AKRAkron
84%
APPAppalachian State
84%
ARSTArkansas State
84%
BALLBall State
84%
IDHOIdaho
84%
MIZMissouri
84%
MISSOle Miss
84%
ORSTOregon State
84%
TEXTexas
84%
WASHWashington
84%
WSUWashington State
84%
BUFFBuffalo
81%
UCFCentral Florida
81%
CLEMClemson
81%
KUKansas
81%
KSUKansas State
81%
UKKentucky
81%
ULLouisiana
81%
LSULouisiana State
81%
MICHMichigan
81%
MSUMichigan State
81%
MSSTMississippi State
81%
PITTPittsburgh
81%
SOUSouthern
81%
TA&MTexas A&M
81%
TXSTTexas State
81%
UVAVirginia
81%
VTVirginia Tech
81%
WISCWisconsin
81%
AFAAir Force
78%
UABAlabama-Birmingham
78%
ALSTAlabama State
78%
CINCincinnati
78%
COLOColorado
78%
CSUColorado State
78%
FLAFlorida
78%
FSUFlorida State
78%
UGAGeorgia
78%
GTGeorgia Tech
78%
ILSTIllinois State
78%
ISUIowa State
78%
NEVNevada
78%
UNCNorth Carolina
78%
NDNotre Dame
78%
OSUOhio State
78%
OKLAOklahoma
78%
OKSTOklahoma State
78%
PENNPennsylvania
78%
PURPurdue
78%
SCSouth Carolina
78%
USCSouthern California
78%
TENNTennessee
78%
TCUTexas Christian
78%
TTUTexas Tech
78%
BCBoston College
75%
BRWNBrown
75%
UCLACalifornia-Los Angeles
75%
CONNConnecticut
75%
FAUFlorida Atlantic
75%
HARVHarvard
75%
IDSTIdaho State
75%
KENTKent State
75%
LOULouisville
75%
MASSMassachusetts
75%
MEMMemphis
75%
MIAMiami
75%
MINNMinnesota
75%
NEBNebraska
75%
PRINPrinceton
75%
RUTGRutgers
75%
USFSouth Florida
75%
STANStanford
75%
TLSATulsa
75%
WAKEWake Forest
75%
WYOWyoming
75%
BSUBoise State
72%
BYUBrigham Young
72%
CMUCentral Michigan
72%
DELDelaware
72%
DRKEDrake
72%
FRESFresno State
72%
IUIndiana
72%
LTLouisiana Tech
72%
UNMNew Mexico
72%
NCSTNorth Carolina State
72%
UNDNorth Dakota
72%
NUNorthwestern
72%
USDSan Diego
72%
SYRSyracuse
72%
UTSATexas-San Antonio
72%
TULNTulane
72%
WVUWest Virginia
72%
DARTDartmouth
69%
FIUFlorida International
69%
GASOGeorgia Southern
69%
HAWHawaii
69%
JVSTJacksonville State
69%
JMUJames Madison
69%
MRSHMarshall
69%
MOSTMissouri State
69%
UNLVNevada-Las Vegas
69%
NMSUNew Mexico State
69%
SDSUSan Diego State
69%
SJSUSan Jose State
69%
SCSTSouth Carolina State
69%
SDAKSouth Dakota
69%
SMUSouthern Methodist
69%
TEMTemple
69%
TNSTTennessee State
69%
UTEPTexas-El Paso
69%
USUUtah State
69%
VANVanderbilt
69%
VILLVillanova
69%
WMUWestern Michigan
69%
CORCornell
66%
DAYDayton
66%
GASTGeorgia State
66%
INSTIndiana State
66%
JSUJackson State
66%
LIBLiberty
66%
MDMaryland
66%
M-OHMiami (OH)
66%
MONTMontana
66%
UNHNew Hampshire
66%
RICHRichmond
66%
SDSTSouth Dakota State
66%
TXSOTexas Southern
66%
TOLToledo
66%
WKUWestern Kentucky
66%
BUTButler
63%
COLGColgate
63%
HOWHoward
63%
MTSTMontana State
63%
NDSUNorth Dakota State
63%
NIUNorthern Illinois
63%
ODUOld Dominion
63%
BGSUBowling Green
59%
BUCKBucknell
59%
ECUEast Carolina
59%
FAMUFlorida A&M
59%
GRAMGrambling
59%
ULMLouisiana-Monroe
59%
MEMaine
59%
MTSUMiddle Tennessee
59%
URIRhode Island
59%
WEBWeber State
59%
ALCNAlcorn State
56%
UCDCalifornia-Davis
56%
CCUCoastal Carolina
56%
CLMBColumbia
56%
DAVDavidson
56%
DSUDelaware State
56%
DUQDuquesne
56%
EIUEastern Illinois
56%
EKUEastern Kentucky
56%
EMUEastern Michigan
56%
FURFurman
56%
HAMPHampton
56%
KENNKennesaw State
56%
MOREMorehead State
56%
MORGMorgan State
56%
MURMurray State
56%
NCATNorth Carolina A&T
56%
UNTNorth Texas
56%
NWSTNorthwestern State
56%
USASouth Alabama
56%
USMSouthern Miss
56%
WIUWestern Illinois
56%
W&MWilliam & Mary
56%
AAMUAlabama A&M
53%
CLTCharlotte
53%
EWUEastern Washington
53%
LAFLafayette
53%
MONMMonmouth
53%
UNINorthern Iowa
53%
SHSUSam Houston
53%
SIUSouthern Illinois
53%
TNTCTennessee Tech
53%
WAGWagner
53%
ACUAbilene Christian
50%
ALBAlbany
50%
BRYBryant
50%
CARKCentral Arkansas
50%
ETSUEast Tennessee State
50%
GTWNGeorgetown
50%
SAMSamford
50%
SUUSouthern Utah
50%
STETStetson
50%
CITThe Citadel
50%
VMIVirginia Military Institute
50%
YSUYoungstown State
50%
CPCal Poly
47%
FORFordham
47%
HCHoly Cross
47%
LEHLehigh
47%
LIULong Island
47%
NORFNorfolk State
47%
UNANorth Alabama
47%
NCCUNorth Carolina Central
47%
NAUNorthern Arizona
47%
SACSacramento State
47%
SFPASaint Francis (PA)
47%
SFAStephen F. Austin
47%
UTMTennessee-Martin
47%
TOWTowson
47%
VALValparaiso
47%
WOFWofford
47%
UAPBArkansas-Pine Bluff
44%
CAMCampbell
44%
CCSUCentral Connecticut
44%
DXSTDixie State
44%
MERMercer
44%
MRMKMerrimack
44%
UNCONorthern Colorado
44%
SHUSacred Heart
44%
SELASoutheastern Louisiana
44%
SEMOSoutheast Missouri State
44%
STBKStony Brook
44%
APSUAustin Peay
41%
GWEBGardner-Webb
41%
HBUHouston Baptist
41%
MRSTMarist
41%
MVSUMississippi Valley State
41%
PRESPresbyterian
41%
WCUWestern Carolina
41%
CHSOCharleston Southern
38%
UTCChattanooga
38%
LAMLamar
38%
NICHNicholls
38%
PRSTPortland State
38%
PVPrairie View A&M
38%
TARTarleton
38%
BCUBethune-Cookman
34%
UIWIncarnate Word
34%
MCNMcNeese
34%
RMURobert Morris
34%
STMNSaint Thomas (MN)
34%

Score Distribution

Percentile by Number Answered

Percent of People with Each Score

Your Score History

You have not taken this quiz since the last reset